000 00312nam a22001337a 4500
008 170418b xxu||||| |||| 00| 0 eng d
020 _a0697383873
041 _aeng
080 _a579
100 _a11
101 _aSHM
245 _aBASIC PRINCIPLES FOUNNDATION IN MICROBIOLOGY
_cTALARO.A
942 _2udc
_cBK
999 _c10880
_d10880